[Event "European Youth Chess Championship G14"]
[Site "Prague, Top Hotel Prague"]
[Date "2012.08.19"]
[Round "3.31"]
[White "Gueci, Tea"]
[Black "Beluska, Tereza"]
[Result "1-0"]
[WhiteElo "1917"]
[BlackElo "1496"]
[PlyCount "109"]
[EventDate "2012.08.17"]

1. e4 c5 2. Nf3 Nc6 3. d4 cxd4 4. Nxd4 g6 5. c4 Bg7 6. Nc2 Nf6 7. Nc3 O-O 8.
Be2 d6 9. O-O Bd7 10. Be3 Rc8 11. Nd4 a6 12. Rc1 Ne5 13. b3 Rc7 14. h3 Qc8 15.
f4 Nc6 16. Nf3 Nd8 17. e5 dxe5 18. fxe5 Nh5 19. Nd5 Bxh3 20. Rf2 Rd7 21. Qe1
Bf5 22. Nb6 Qc7 23. Nxd7 Qxd7 24. Rd1 Qc7 25. Bd4 Nc6 26. Qc3 Ng3 27. Ng5 Nxe2+
28. Rxe2 Bg4 29. Nf3 Rd8 30. Rdd2 Nxd4 31. Rxd4 Rxd4 32. Qxd4 Bxf3 33. gxf3 h5
34. Qd5 e6 35. Qd6 Qc8 36. Qe7 Bf8 37. Qg5 Qc5+ 38. Kh2 Be7 39. Qd2 Kg7 40. f4
Qc6 $11 41. Qd3 Bc5 42. Rd2 Qb6 43. Qe4 Be3 $11 44. Re2 Bc5 45. Rd2 Be3 46. Rd7
a5 47. Kg2 h4 48. Rxb7 Qc5 49. Rd7 g5 50. Qb7 Bxf4 51. Rxf7+ Kg6 52. Rf6+ Kh5
53. Qf3+ g4 54. Qxf4 h3+ 55. Kf1 1-0

[Event "European Youth Chess Championship G14"]
[Site "Prague, Top Hotel Prague"]
[Date "2012.08.19"]
[Round "3.32"]
[White "Santeramo, Alessia"]
[Black "Meszarosova, Eva"]
[Result "1-0"]
[WhiteElo "1867"]
[BlackElo "1580"]
[PlyCount "59"]
[EventDate "2012.08.17"]

1. e4 c5 2. Nf3 d6 3. d4 cxd4 4. Nxd4 Nf6 5. Nc3 a6 6. Bc4 e6 7. Bb3 Be7 8. Be3
Nc6 9. Qe2 Qc7 10. O-O-O Bd7 11. Rhg1 O-O 12. g4 b5 13. g5 Ne8 14. h4 Na5 15.
h5 Nxb3+ 16. axb3 Rb8 17. g6 Bf6 18. h6 fxg6 19. hxg7 Rf7 20. f4 Nxg7 21. Qh2
Bc8 22. Rh1 Ne8 23. f5 Be5 24. Qg2 exf5 25. Nd5 Qb7 26. Rdf1 Bxd4 27. Bxd4 Ng7
28. Nf6+ Kf8 29. Nxh7+ Ke8 30. Qxg6 1-0

[Event "European Youth Chess Championship G14"]
[Site "Prague, Top Hotel Prague"]
[Date "2012.08.19"]
[Round "3.33"]
[White "Ruth, Katarina"]
[Black "Kafetzi, Angeliki"]
[Result "1-0"]
[WhiteElo "1483"]
[BlackElo "1687"]
[PlyCount "61"]
[EventDate "2012.08.17"]

1. e4 c5 2. Nf3 d6 3. d4 cxd4 4. Nxd4 Nf6 5. f3 a6 6. c4 h5 7. Nc3 Nbd7 8. Be3
e6 9. Qd2 Qc7 10. Be2 Ne5 11. b3 Bd7 12. O-O Be7 13. Rac1 Nc6 14. Nd5 Qd8 15.
Nxe7 Qxe7 16. Rfd1 Rd8 17. Bg5 Bc8 18. Nc2 Rd7 19. Qc3 O-O 20. Bxf6 Qxf6 21.
Qxf6 gxf6 22. f4 h4 23. Ne3 Kg7 24. Rd2 Ne7 25. Rf1 Rg8 26. Bg4 Kf8 27. h3 Ng6
28. f5 exf5 29. Bxf5 Rd8 30. Bxc8 Rxc8 31. Rxd6 1-0

[Event "European Youth Chess Championship G14"]
[Site "Prague, Top Hotel Prague"]
[Date "2012.08.19"]
[Round "3.35"]
[White "Ajanovic, Berina"]
[Black "Kyrkjebo, Marte B"]
[Result "0-1"]
[WhiteElo "1393"]
[BlackElo "1628"]
[PlyCount "28"]
[EventDate "2012.08.17"]

1. d4 d5 2. c4 c6 3. Nf3 Nf6 4. Nc3 a6 5. cxd5 cxd5 6. Bg5 Ne4 7. Qc2 Bf5 8.
Qb3 Nxg5 9. Nxg5 e6 10. Qxb7 Nd7 11. Nf3 Rb8 12. Qxa6 Rxb2 13. Na4 Bb4+ 14. Kd1
Qc7 0-1

[Event "European Youth Chess Championship G14"]
[Site "Prague, Top Hotel Prague"]
[Date "2012.08.19"]
[Round "3.36"]
[White "Suchomelova, Simona"]
[Black "Kubosova, Hana"]
[Result "1-0"]
[WhiteElo "1742"]
[BlackElo "1517"]
[PlyCount "59"]
[EventDate "2012.08.17"]

1. e4 d6 2. Nf3 Nd7 3. d4 e5 4. Bc4 c6 5. O-O Ngf6 6. Ng5 d5 7. exd5 cxd5 8.
dxe5 dxc4 9. exf6 Qxf6 10. Re1+ Be7 11. Ne4 Qg6 12. Nd6+ Kd8 13. Bf4 Bxd6 14.
Bxd6 Re8 15. Bc7+ Kxc7 16. Rxe8 Nf6 17. Re7+ Bd7 18. Nc3 Re8 19. Rxe8 Bxe8 20.
Qe2 Bc6 21. f3 Nh5 22. Rd1 Kb6 23. Nd5+ Bxd5 24. Rxd5 Qh6 25. Qxc4 Qe3+ 26. Kf1
a6 27. Rxh5 Qc1+ 28. Ke2 Qg1 29. Qb4+ Ka7 30. Qc5+ 1-0

[Event "European Youth Chess Championship G14"]
[Site "Prague, Top Hotel Prague"]
[Date "2012.08.19"]
[Round "3.37"]
[White "Serpetsidaki, Eva"]
[Black "Rodriguez Manzaneda, Irene"]
[Result "1-0"]
[WhiteElo "1408"]
[BlackElo "1734"]
[PlyCount "95"]
[EventDate "2012.08.17"]

1. e4 c5 2. Nf3 Nc6 3. d4 cxd4 4. Nxd4 Nf6 5. Nc3 e5 6. Ndb5 d6 7. Bg5 a6 8.
Na3 b5 9. Bxf6 gxf6 10. Nd5 Bg7 11. c3 O-O 12. Bd3 Ne7 13. Qh5 Re8 14. Nxe7+
Rxe7 15. Nc2 f5 16. exf5 e4 17. Be2 Re5 18. Ne3 Rb8 19. Rd1 d5 20. O-O Rb6 21.
f3 Rh6 22. Qg4 exf3 23. Qxf3 Qb6 24. Rd4 Bb7 25. Ng4 Rd6 26. f6 Rxe2 27. Qxe2
Bxf6 28. Nxf6+ Rxf6 29. Rxf6 Qxf6 30. Qg4+ Kf8 31. Qh4 Qb6 32. Kf1 Ke8 33. Qxh7
Qf6+ 34. Kg1 Qe5 35. Qd3 Qe1+ 36. Qf1 Qe3+ 37. Kh1 Ke7 38. Rd1 Qg5 39. Qe2+ Kd6
40. Qf2 Qg4 41. Qf6+ Kc7 42. Qxf7+ Kb8 43. Qf8+ Ka7 44. Qc5+ Kb8 45. Rf1 Qe6
46. Rf8+ Bc8 47. Rxc8+ Qxc8 48. Qxc8+ 1-0

[Event "European Youth Chess Championship G14"]
[Site "Prague, Top Hotel Prague"]
[Date "2012.08.19"]
[Round "3.38"]
[White "Kubicka, Anna"]
[Black "Lesnic, Galina"]
[Result "1-0"]
[WhiteElo "1642"]
[BlackElo "1490"]
[PlyCount "103"]
[EventDate "2012.08.17"]

1. b3 e5 2. Bb2 Nc6 3. e3 Nf6 4. Bb5 Bd6 5. Nf3 Qe7 6. O-O O-O 7. Nc3 a6 8.
Bxc6 dxc6 9. h3 Bf5 10. Ne2 Rad8 11. Nh4 Bc8 12. f4 exf4 13. Nxf4 Bxf4 14. Rxf4
Nd5 15. Rg4 Bxg4 16. Qxg4 f6 17. Rf1 Rd7 18. Nf5 Qe8 19. Ba3 Kh8 20. Bxf8 Qxf8
21. Nd4 Rf7 22. Qh5 Kg8 23. Rf3 Ne7 24. Ne6 Qe8 25. Nf4 Qd7 26. d4 Qf5 27. Qxf5
Nxf5 28. Nd3 Nd6 29. Nc5 Re7 30. c4 a5 31. g4 b6 32. Nd3 Ne4 33. Nc1 Kf7 34. h4
Kg6 35. Ne2 Kh6 36. Ng3 Kg6 37. Nxe4 Rxe4 38. Rg3 Kf7 39. Kf2 h5 40. Kf3 Rxg4
41. Rxg4 hxg4+ 42. Kxg4 Ke6 43. h5 c5 44. Kf4 cxd4 45. exd4 f5 46. a3 Kf6 47.
b4 axb4 48. axb4 g5+ 49. hxg6 Kxg6 50. d5 Kf6 51. c5 b5 52. c6 1-0

[Event "European Youth Chess Championship G14"]
[Site "Prague, Top Hotel Prague"]
[Date "2012.08.19"]
[Round "3.39"]
[White "Glapa, Anna"]
[Black "Silva, Mariana Sofia T"]
[Result "1-0"]
[WhiteElo "1594"]
[BlackElo "1461"]
[PlyCount "79"]
[EventDate "2012.08.17"]

1. e4 c6 2. d4 d5 3. exd5 cxd5 4. Bd3 Nc6 5. c3 Qc7 6. Ne2 e6 7. Bf4 Bd6 8.
Bxd6 Qxd6 9. Nd2 Nf6 10. O-O O-O 11. Nf3 Bd7 12. Qc2 Rfc8 13. Rae1 Nb4 14. Qb1
Nxd3 15. Qxd3 b5 16. a3 a5 17. Ng3 b4 18. axb4 axb4 19. Ra1 bxc3 20. bxc3 Ra3
21. Rfc1 Rb8 22. Ne5 Rbb3 23. Rxa3 Qxa3 24. Qd2 Rb2 25. Qe1 Ba4 26. Nd3 Ra2 27.
Nb4 Rb2 28. Ra1 Qb3 29. Qc1 Be8 30. f3 h6 31. Nf1 Nd7 32. Nd2 Rxd2 33. Qxd2 Nb6
34. Qc2 Qc4 35. Qd3 Qb3 36. Rb1 Qa4 37. Qa6 Qxa6 38. Nxa6 Nc4 39. Rb8 Nd6 40.
Rd8 1-0